00803nam a2200253Ia 450000500170000000800270001702000180004410000260006224500510008825000350013930000260017449000300020058600300023065000380026065000260029865000330032465000250035726400330038233600270041533700330044233800280047504000350050308400110053820220317000236.0141031s9999 ck 000 0spa d a97895870543851 aMoure Trenor, Gonzalo13aEl síndrome de Mozart cGonzalo Moure Trenor a1a ediciónb2a reimpresión a170 páginasc21 cm. aGran angularvVolumen 242 aPremio Gran Angular 2003.142LEMBaNovela españolaySiglo XX142LEMBaAmistadvNovela142LEMBaComunicaciónvNovela142LEMBaNovela amorosa aBogotábEdiciones SMc2012 atextobtxt2rdacontent asin mediaciónbn2rdamedia avolumenbnc2rdacarrier aCO-BoRNBPbspaerdacCO-BoRNBP aN MOU1